LEADER 00913cam0 2200253 450 001 E600200066829 005 20200406071723.0 100 $a20101001d1906 |||||ita|0103 ba 101 $aita 102 $aIT 200 1 $aLetterature straniere$emanuale comparativo corredato di esempi, con speciale riguardo alle genti ariane$fper cura di Guido Mazzoni$ge Paolo Emilio Pavolini 210 $aFirenze$cG. Barbčra$d1906 215 $aXVI, 602 p.$d19 cm 700 1$aMazzoni$b, Guido$3AF00011936$4070$0294684 702 1$aPavolini, Paolo Emilio$3A600200027303$4070 801 0$aIT$bUNISOB$c20200406$gRICA 850 $aUNISOB 852 $aUNISOB$j800$m2123 912 $aE600200066829 940 $aM 102 Monografia moderna SBN 941 $aM 957 $a800$b000533$gSI$d2123$1catenacci$2UNISOB$3UNISOB$420101001082043.0$520200318103624.0$6Spinosa 996 $aLetterature straniere$91703353 997 $aUNISOB